Senderos, paisaje y patrimonio del sureste de Morelia : (Record no. 167327)

MARC details
000 -LEADER
fixed length control field 01123nam a22002417a 4500
005 - DATE AND TIME OF LATEST TRANSACTION
control field 20230531131703.0
008 - FIXED-LENGTH DATA ELEMENTS--GENERAL INFORMATION
fixed length control field 230531b mx |||||||| |||| 00| 0 spa d
020 ## - INTERNATIONAL STANDARD BOOK NUMBER
International Standard Book Number 9786073059848
050 04 - LIBRARY OF CONGRESS CALL NUMBER
Classification number GV199.44.M62
Item number M53 2022
245 00 - TITLE STATEMENT
Title Senderos, paisaje y patrimonio del sureste de Morelia :
Remainder of title libro excursionista /
Statement of responsibility, etc Iván Franch Pardo y Maxime Dossin (coords.)
250 ## - EDITION STATEMENT
Edition statement Primera edición
260 ## - PUBLICATION, DISTRIBUTION, ETC. (IMPRINT)
Place of publication, distribution, etc Morelia, Michoacán :
Name of publisher, distributor, etc Universidad Nacional Autónoma de México, Escuela Nacional de Estudios Superiores, Unidad Morelia, Laboratorio Nacional de Materiales Orales,
Date of publication, distribution, etc 2022
300 ## - PHYSICAL DESCRIPTION
Extent 149 páginas :
Accompanying material +1 mapa, 89x63 cm :
Other physical details ilustraciones ;
Dimensions 24 cm
490 ## - SERIES STATEMENT
Series statement Colección Senderos ;
Volume number/sequential designation 1
650 #7 - SUBJECT ADDED ENTRY--TOPICAL TERM
Source of heading or term lemb
Topical term or geographic name as entry element Excursionismo
Geographic subdivision Michoacán,
-- Morelia
650 #7 - SUBJECT ADDED ENTRY--TOPICAL TERM
Source of heading or term lemb
Topical term or geographic name as entry element Guías
General subdivision Paisaje natural
Geographic subdivision Michoacán
-- Morelia
650 #7 - SUBJECT ADDED ENTRY--TOPICAL TERM
Source of heading or term lemb
Topical term or geographic name as entry element Guías
General subdivision Geología
Geographic subdivision Michoacán
-- Morelia
650 #7 - SUBJECT ADDED ENTRY--TOPICAL TERM
Source of heading or term lemb
Topical term or geographic name as entry element Fauna forestal
Geographic subdivision Michoacán
-- Morelia
General subdivision Guías
650 #7 - SUBJECT ADDED ENTRY--TOPICAL TERM
Source of heading or term lemb
Topical term or geographic name as entry element Etnología
Geographic subdivision Morelia
-- Michoacán
General subdivision Guías
700 1# - ADDED ENTRY--PERSONAL NAME
Personal name Franch Pardo, Ivan
Relator term coordinador
700 1# - ADDED ENTRY--PERSONAL NAME
Personal name Dossin, Maxime
Relator term coordinador
942 ## - ADDED ENTRY ELEMENTS (KOHA)
Source of classification or shelving scheme Biblioteca del Cogreso de los Estados Unidos
Koha item type Libro
Holdings
Estado de pérdida Fuente de clasificación Estado del daño No para préstamo Ubicación permanente Ubicación actual Apartado o colección Fecha de adquisición Fuente de adquisición Edición Dependencia de educación superior (DES) Área del conocimiento Total Checkouts Clasificación Código de Barras Date last seen Date checked out Número de copia Costo por reposición Tipo de recurso
  Biblioteca del Cogreso de los Estados Unidos     Biblioteca del Instituto de Investigaciones Históricas Biblioteca del Instituto de Investigaciones Históricas Fondo Michoacán 31/05/2023 Donación 1a ed. Humanidades Ciencias Naturales y Exactas 1 GV199.44.M62 M53 2022 IIH000034587 14/11/2025 14/11/2025 C:1 1.00 Libro